000 00410nam a22001697a 4500
003 MPLRDC
005 20220104172149.0
008 210129b ||||| |||| 00| 0 eng d
082 _a859.6 BLY-14
100 _aENID BLYTON
245 _aBEST STORIES FOR SIX-YEAR-OLDS
_c
250 _a初版
260 _a
_bBLOOMBURY
_c1997
300 _b
650 _aCHILDREN LITERATURE
942 _cBK
_o859.6 BLY-14
999 _c58800
_d58790